[Event "Grand Swiss "]
[Date "2025.09.09"]
[White "Kuzubov, Yuriy"]
[Black "Saric, Ivan"]
[WhiteElo "2600"]
[BlackElo "2655"]
[Round "6.6.32"]
[Result "0-1"]

1. d4 {[%clk 01:40:55] [%emt 00:00:04]} Nf6 {[%clk 01:40:55] [%emt 00:00:06]} 2.
Nf3 {[%clk 01:41:19] [%emt 00:00:05]} g6 {[%clk 01:41:17] [%emt 00:00:10]} 3.
Nbd2 {[%clk 01:41:39] [%emt 00:00:09]} Bg7 {[%clk 01:39:00] [%emt 00:02:47]} 4.
e4 {[%clk 01:41:42] [%emt 00:00:27]} d6 {[%clk 01:39:28] [%emt 00:00:03]} 5.
Bb5+ {[%clk 01:41:47] [%emt 00:00:25]} c6 {[%clk 01:39:54] [%emt 00:00:04]} 6.
Bc4 {[%clk 01:42:11] [%emt 00:00:05]} d5 {[%clk 01:29:02] [%emt 00:11:22]} 7.
exd5 {[%clk 01:42:30] [%emt 00:00:11]} cxd5 {[%clk 01:29:26] [%emt 00:00:06]} 8.
Bb3 {[%clk 01:42:56] [%emt 00:00:05]} Nc6 {[%clk 01:28:34] [%emt 00:01:22]} 9.
c3 {[%clk 01:41:24] [%emt 00:02:00]} O-O {[%clk 01:25:50] [%emt 00:03:15]} 10.
O-O {[%clk 01:41:18] [%emt 00:00:36]} b5 {[%clk 01:18:16] [%emt 00:08:04]} 11.
Ne5 {[%clk 01:35:37] [%emt 00:06:11]} Nxe5 {[%clk 01:12:22] [%emt 00:06:24]} 12.
dxe5 {[%clk 01:35:57] [%emt 00:00:09]} Ne8 {[%clk 01:09:33] [%emt 00:03:20]} 13.
Nf3 {[%clk 01:31:00] [%emt 00:05:27]} Nc7 {[%clk 01:09:51] [%emt 00:00:13]} 14.
Qd4 {[%clk 01:24:31] [%emt 00:06:58]} Bb7 {[%clk 00:59:32] [%emt 00:10:50]} 15.
Qh4 {[%clk 01:16:26] [%emt 00:08:34]} Ne6 {[%clk 00:59:51] [%emt 00:00:11]} 16.
Ng5 {[%clk 01:06:39] [%emt 00:10:17]} Nxg5 {[%clk 00:59:03] [%emt 00:01:18]} 17.
Bxg5 {[%clk 01:07:05] [%emt 00:00:04]} Re8 {[%clk 00:55:07] [%emt 00:04:27]} 18.
Rfe1 {[%clk 01:06:06] [%emt 00:01:28]} Qc7 {[%clk 00:52:16] [%emt 00:03:22]} 19.
e6 {[%clk 00:52:34] [%emt 00:14:01]} f6 {[%clk 00:52:19] [%emt 00:00:28]} 20.
Be3 {[%clk 00:52:28] [%emt 00:00:34]} Qd6 {[%clk 00:45:06] [%emt 00:07:44]} 21.
Bd4 {[%clk 00:48:07] [%emt 00:04:51]} Bc8 {[%clk 00:45:29] [%emt 00:00:08]} 22.
Qh3 {[%clk 00:41:31] [%emt 00:07:04]} a5 {[%clk 00:44:52] [%emt 00:01:09]} 23.
Qe3 {[%clk 00:20:03] [%emt 00:21:57]} a4 {[%clk 00:27:41] [%emt 00:17:41]} 24.
Bc2 {[%clk 00:20:18] [%emt 00:00:15]} Ra6 {[%clk 00:27:31] [%emt 00:00:41]} 25.
Bd3 {[%clk 00:20:26] [%emt 00:00:21]} Qb8 {[%clk 00:27:53] [%emt 00:00:08]} 26.
Qh3 {[%clk 00:16:44] [%emt 00:04:11]} f5 {[%clk 00:26:48] [%emt 00:01:36]} 27.
Bxg7 {[%clk 00:08:54] [%emt 00:08:21]} Kxg7 {[%clk 00:27:07] [%emt 00:00:11]}
28. Qe3 {[%clk 00:08:25] [%emt 00:00:58]} Bxe6 {[%clk 00:23:00] [%emt 00:04:37]}
29. Qc5 {[%clk 00:08:28] [%emt 00:00:27]} Rb6 {[%clk 00:18:58] [%emt 00:04:33]}
30. a3 {[%clk 00:05:07] [%emt 00:03:50]} Qd6 {[%clk 00:18:01] [%emt 00:01:27]}
31. Qd4+ {[%clk 00:05:31] [%emt 00:00:07]} Kg8 {[%clk 00:18:16] [%emt 00:00:15]}
32. Re3 {[%clk 00:04:33] [%emt 00:01:28]} Bd7 {[%clk 00:17:40] [%emt 00:01:06]}
33. Rae1 {[%clk 00:04:35] [%emt 00:00:27]} e6 {[%clk 00:14:25] [%emt 00:03:45]}
34. h4 {[%clk 00:02:55] [%emt 00:02:09]} Rbb8 {[%clk 00:14:31] [%emt 00:00:25]}
35. h5 {[%clk 00:02:20] [%emt 00:01:05]} Qf8 {[%clk 00:12:17] [%emt 00:02:44]}
36. Re5 {[%clk 00:01:13] [%emt 00:01:37]} Re7 {[%clk 00:07:08] [%emt 00:05:39]}
37. R1e3 {[%clk 00:00:54] [%emt 00:00:49]} Rbe8 {[%clk 00:07:00] [%emt
00:00:38]} 38. Rg3 {[%clk 00:00:49] [%emt 00:00:35]} Qh6 {[%clk 00:05:40] [%emt
00:01:50]} 39. hxg6 {[%clk 00:00:40] [%emt 00:00:39]} hxg6 {[%clk 00:06:06]
[%emt 00:00:05]} 40. f4 {[%clk 00:00:53] [%emt 00:00:17]} Rh7 {[%clk 00:05:06]
[%emt 00:01:29]} 41. Rh3 {[%clk 00:00:54] [%emt 00:00:29]} Qg7 {[%clk 00:50:09]
[%emt 00:05:27]} 42. Rxh7 {[%clk 00:35:11] [%emt 00:16:12]} Kxh7 {[%clk
00:50:21] [%emt 00:00:19]} 43. Qa7 {[%clk 00:32:38] [%emt 00:03:02]} Re7 {[%clk
00:45:32] [%emt 00:05:19]} 44. Re3 {[%clk 00:28:11] [%emt 00:04:58]} Kg8 {[%clk
00:44:58] [%emt 00:01:04]} 45. Qb8+ {[%clk 00:21:52] [%emt 00:06:48]} Re8 {[%clk
00:38:47] [%emt 00:06:43]} 46. Qb6 {[%clk 00:20:00] [%emt 00:02:20]} g5 {[%clk
00:37:35] [%emt 00:01:43]} 47. Rg3 {[%clk 00:15:13] [%emt 00:05:16]} g4 {[%clk
00:37:41] [%emt 00:00:25]} 48. Re3 {[%clk 00:15:15] [%emt 00:00:28]} Qf8 {[%clk
00:34:29] [%emt 00:03:41]} 49. Kf2 {[%clk 00:12:35] [%emt 00:03:11]} Re7 {[%clk
00:28:41] [%emt 00:06:18]} 50. Re1 {[%clk 00:09:33] [%emt 00:03:32]} Qh6 {[%clk
00:27:12] [%emt 00:01:59]} 51. Qd6 {[%clk 00:05:00] [%emt 00:05:03]} Qh4+ {[%clk
00:25:49] [%emt 00:01:53]} 52. Ke2 {[%clk 00:05:00] [%emt 00:00:30]} Rf7 {[%clk
00:19:08] [%emt 00:07:11]} 53. Kd2 {[%clk 00:05:11] [%emt 00:00:19]} Qh2 {[%clk
00:17:50] [%emt 00:01:49]} 54. Re2 {[%clk 00:05:07] [%emt 00:00:34]} Qh6 {[%clk
00:17:54] [%emt 00:00:25]} 55. Kc2 {[%clk 00:04:04] [%emt 00:01:32]} Qf8 {[%clk
00:17:40] [%emt 00:00:45]} 56. Qb6 {[%clk 00:04:16] [%emt 00:00:18]} Rf6 {[%clk
00:13:30] [%emt 00:04:40]} 57. Bxb5 {[%clk 00:02:16] [%emt 00:02:30]} Bxb5
{[%clk 00:13:05] [%emt 00:00:55]} 58. Qxb5 {[%clk 00:02:43] [%emt 00:00:03]} Qa8
{[%clk 00:13:16] [%emt 00:00:19]} 59. Qd7 {[%clk 00:01:20] [%emt 00:01:53]} Qa6
{[%clk 00:12:31] [%emt 00:01:16]} 60. Re1 {[%clk 00:00:47] [%emt 00:01:03]} Rh6
{[%clk 00:11:28] [%emt 00:01:32]} 61. Kc1 {[%clk 00:00:37] [%emt 00:00:40]} Kf8
{[%clk 00:06:57] [%emt 00:05:01]} 62. c4 {[%clk 00:00:31] [%emt 00:00:37]} Qxc4+
{[%clk 00:05:21] [%emt 00:02:06]} 63. Kb1 {[%clk 00:00:56] [%emt 00:00:04]} Qd3+
{[%clk 00:05:45] [%emt 00:00:06]} 64. Ka1 {[%clk 00:01:10] [%emt 00:00:16]} Qd2
{[%clk 00:05:49] [%emt 00:00:27]} 65. Qd8+ {[%clk 00:01:07] [%emt 00:00:33]} Kf7
{[%clk 00:05:48] [%emt 00:00:30]} 66. Qc7+ {[%clk 00:01:08] [%emt 00:00:29]} Kf6
{[%clk 00:03:34] [%emt 00:02:44]} 67. Rc1 {[%clk 00:01:03] [%emt 00:00:35]} Kg6
{[%clk 00:03:41] [%emt 00:00:24]} 68. Qc8 {[%clk 00:00:54] [%emt 00:00:38]} Qxf4
{[%clk 00:02:52] [%emt 00:01:19]} 69. Qxe6+ {[%clk 00:01:06] [%emt 00:00:18]}
Kg5 {[%clk 00:01:51] [%emt 00:01:31]} 70. Qe7+ {[%clk 00:01:16] [%emt 00:00:20]}
Kh5 {[%clk 00:09:39] [%emt 00:07:43]} 71. Rh1+ {[%clk 00:08:59] [%emt 00:07:46]}
Kg6 {[%clk 00:10:02] [%emt 00:00:07]} 72. Qe8+ {[%clk 00:08:54] [%emt 00:00:35]}
Kg5 {[%clk 00:08:06] [%emt 00:02:26]} 73. Qg8+ {[%clk 00:08:06] [%emt 00:01:17]}
Kf6 {[%clk 00:08:03] [%emt 00:00:34]} 74. Qf8+ {[%clk 00:07:43] [%emt 00:00:53]}
Kg6 {[%clk 00:08:30] [%emt 00:00:04]} 75. Re1 {[%clk 00:07:18] [%emt 00:00:53]}
Kg5 {[%clk 00:07:54] [%emt 00:01:08]} 76. Qd8+ {[%clk 00:02:08] [%emt 00:05:39]}
Rf6 {[%clk 00:08:14] [%emt 00:00:10]} 77. Qxd5 {[%clk 00:01:37] [%emt 00:01:01]}
Rd6 {[%clk 00:06:17] [%emt 00:02:27]} 78. Qb5 {[%clk 00:00:47] [%emt 00:01:21]}
Qd4 {[%clk 00:06:04] [%emt 00:00:42]} 79. g3 {[%clk 00:00:33] [%emt 00:00:44]}
Rb6 {[%clk 00:05:52] [%emt 00:00:42]} 80. Qe2 {[%clk 00:01:00] [%emt 00:00:03]}
Rb3 {[%clk 00:06:02] [%emt 00:00:20]} 81. Ka2 {[%clk 00:00:38] [%emt 00:00:52]}
Rxg3 {[%clk 00:06:03] [%emt 00:00:29]} 82. Qe7+ {[%clk 00:00:47] [%emt
00:00:21]} Qf6 {[%clk 00:06:09] [%emt 00:00:24]} 83. Qb7 {[%clk 00:00:37] [%emt
00:00:41]} Rb3 {[%clk 00:06:09] [%emt 00:00:30]} 84. Qg2 {[%clk 00:01:03] [%emt
00:00:03]} Qd4 {[%clk 00:06:04] [%emt 00:00:34]} 85. Re8 {[%clk 00:00:43] [%emt
00:00:51]} Rd3 {[%clk 00:04:50] [%emt 00:01:44]} 86. Rg8+ {[%clk 00:00:44] [%emt
00:00:29]} Kf6 {[%clk 00:04:28] [%emt 00:00:52]} 87. Qc6+ {[%clk 00:00:51] [%emt
00:00:23]} Qd6 {[%clk 00:04:55] [%emt 00:00:03]} 88. Rf8+ {[%clk 00:01:07] [%emt
00:00:14]} Kg7 {[%clk 00:04:29] [%emt 00:00:55]} 89. Qxd6 {[%clk 00:01:14] [%emt
00:00:24]} Rxd6 {[%clk 00:04:56] [%emt 00:00:03]} 90. Rxf5 {[%clk 00:01:40]
[%emt 00:00:04]} g3 {[%clk 00:05:23] [%emt 00:00:04]} 91. Rf1 {[%clk 00:00:52]
[%emt 00:01:17]} g2 {[%clk 00:05:48] [%emt 00:00:04]} 92. Rg1 {[%clk 00:01:18]
[%emt 00:00:04]} Rd2 {[%clk 00:06:13] [%emt 00:00:06]} 0-1

[Site "Europe Echecs"]

[Event "Grand Swiss "]
[Date "2025.09.09"]
[White "Aditya Mittal"]
[Black "Gelfand, Boris"]
[WhiteElo "2589"]
[BlackElo "2652"]
[Round "6.6.33"]
[Result "1/2-1/2"]

1. e4 {[%clk 01:40:30] [%emt 00:02:12]} c5 {[%clk 01:40:55] [%emt 00:00:10]} 2.
Nf3 {[%clk 01:41:28] [%emt 00:00:02]} Nc6 {[%clk 01:41:21] [%emt 00:00:04]} 3.
c3 {[%clk 01:41:56] [%emt 00:00:02]} Nf6 {[%clk 01:41:28] [%emt 00:00:23]} 4. e5
{[%clk 01:42:24] [%emt 00:00:01]} Nd5 {[%clk 01:41:54] [%emt 00:00:04]} 5. Bc4
{[%clk 01:42:49] [%emt 00:00:05]} Nb6 {[%clk 01:42:13] [%emt 00:00:11]} 6. Bb3
{[%clk 01:43:18] [%emt 00:00:02]} c4 {[%clk 01:40:25] [%emt 00:02:18]} 7. Bc2
{[%clk 01:43:46] [%emt 00:00:02]} d6 {[%clk 01:40:50] [%emt 00:00:04]} 8. exd6
{[%clk 01:44:09] [%emt 00:00:07]} Qxd6 {[%clk 01:41:17] [%emt 00:00:04]} 9. O-O
{[%clk 01:44:31] [%emt 00:00:07]} Bg4 {[%clk 01:41:35] [%emt 00:00:12]} 10. Re1
{[%clk 01:44:53] [%emt 00:00:08]} Ne5 {[%clk 01:41:18] [%emt 00:00:48]} 11. Rxe5
{[%clk 01:45:17] [%emt 00:00:05]} Bxf3 {[%clk 01:41:43] [%emt 00:00:06]} 12. Qe1
{[%clk 01:45:46] [%emt 00:00:01]} Bc6 {[%clk 01:42:06] [%emt 00:00:07]} 13. Re3
{[%clk 01:46:14] [%emt 00:00:02]} e6 {[%clk 01:33:05] [%emt 00:09:31]} 14. Na3
{[%clk 01:46:42] [%emt 00:00:02]} Qc7 {[%clk 01:23:54] [%emt 00:09:41]} 15. b3
{[%clk 01:45:07] [%emt 00:02:05]} Nd5 {[%clk 01:20:54] [%emt 00:03:30]} 16. Rg3
{[%clk 01:29:42] [%emt 00:15:54]} cxb3 {[%clk 01:17:17] [%emt 00:04:07]} 17.
Bxb3 {[%clk 01:23:51] [%emt 00:06:21]} h5 {[%clk 01:06:38] [%emt 00:11:10]} 18.
c4 {[%clk 00:50:25] [%emt 00:33:56]} h4 {[%clk 00:47:58] [%emt 00:19:09]} 19.
Rf3 {[%clk 00:38:47] [%emt 00:12:08]} Nf6 {[%clk 00:43:33] [%emt 00:04:55]} 20.
Nb5 {[%clk 00:34:04] [%emt 00:05:14]} Qd7 {[%clk 00:42:38] [%emt 00:01:25]} 21.
Rf4 {[%clk 00:29:54] [%emt 00:04:40]} a6 {[%clk 00:34:49] [%emt 00:08:19]} 22.
Rd4 {[%clk 00:29:13] [%emt 00:01:11]} Qc8 {[%clk 00:34:30] [%emt 00:00:48]} 23.
Nd6+ {[%clk 00:28:55] [%emt 00:00:48]} Bxd6 {[%clk 00:34:26] [%emt 00:00:34]}
24. Rxd6 {[%clk 00:29:24] [%emt 00:00:02]} h3 {[%clk 00:34:31] [%emt 00:00:24]}
25. Ba3 {[%clk 00:25:58] [%emt 00:03:57]} Bxg2 {[%clk 00:27:57] [%emt 00:07:04]}
26. Qe5 {[%clk 00:17:49] [%emt 00:08:39]} O-O {[%clk 00:24:23] [%emt 00:04:04]}
27. Rd3 {[%clk 00:17:13] [%emt 00:01:06]} Ng4 {[%clk 00:21:47] [%emt 00:03:06]}
28. Qg3 {[%clk 00:11:07] [%emt 00:06:36]} Nh6 {[%clk 00:21:21] [%emt 00:00:56]}
29. Bxf8 {[%clk 00:08:26] [%emt 00:03:11]} Qxf8 {[%clk 00:19:26] [%emt
00:02:25]} 30. Re1 {[%clk 00:08:55] [%emt 00:00:01]} Rc8 {[%clk 00:14:35] [%emt
00:05:20]} 31. Qf4 {[%clk 00:08:00] [%emt 00:01:24]} 1/2-1/2

[Site "Europe Echecs"]

[Event "Grand Swiss "]
[Date "2025.09.09"]
[White "Bjerre, Jonas Buhl"]
[Black "Henriquez Villagra, Cristobal"]
[WhiteElo "2651"]
[BlackElo "2594"]
[Round "6.6.34"]
[Result "0-1"]

1. e4 {[%clk 01:40:44] [%emt 00:00:14]} c5 {[%clk 01:40:54] [%emt 00:00:07]} 2.
Nf3 {[%clk 01:41:07] [%emt 00:00:07]} e6 {[%clk 01:41:20] [%emt 00:00:04]} 3. d4
{[%clk 01:41:19] [%emt 00:00:17]} cxd4 {[%clk 01:41:44] [%emt 00:00:06]} 4. Nxd4
{[%clk 01:41:44] [%emt 00:00:05]} Nc6 {[%clk 01:42:08] [%emt 00:00:07]} 5. Nc3
{[%clk 01:41:51] [%emt 00:00:23]} Qc7 {[%clk 01:42:30] [%emt 00:00:08]} 6. Be3
{[%clk 01:41:14] [%emt 00:01:06]} a6 {[%clk 01:42:50] [%emt 00:00:11]} 7. a3
{[%clk 01:41:00] [%emt 00:00:44]} b5 {[%clk 01:41:28] [%emt 00:01:52]} 8. Nxc6
{[%clk 01:40:24] [%emt 00:01:06]} Qxc6 {[%clk 01:41:52] [%emt 00:00:06]} 9. Bd3
{[%clk 01:39:37] [%emt 00:01:16]} Bb7 {[%clk 01:37:05] [%emt 00:05:18]} 10. Qd2
{[%clk 01:39:14] [%emt 00:00:53]} Rc8 {[%clk 01:32:15] [%emt 00:05:20]} 11. f3
{[%clk 01:36:36] [%emt 00:03:08]} Qc7 {[%clk 01:14:56] [%emt 00:17:49]} 12. a4
{[%clk 01:35:30] [%emt 00:01:35]} b4 {[%clk 01:15:13] [%emt 00:00:14]} 13. Na2
{[%clk 01:34:56] [%emt 00:01:04]} Qa5 {[%clk 01:12:40] [%emt 00:03:02]} 14. b3
{[%clk 01:34:25] [%emt 00:01:01]} Nf6 {[%clk 01:08:44] [%emt 00:04:27]} 15.
O-O-O {[%clk 01:34:11] [%emt 00:00:44]} Be7 {[%clk 01:07:44] [%emt 00:01:30]}
16. g4 {[%clk 01:25:20] [%emt 00:09:20]} d5 {[%clk 01:04:19] [%emt 00:03:55]}
17. g5 {[%clk 01:12:34] [%emt 00:13:16]} Nd7 {[%clk 01:04:33] [%emt 00:00:16]}
18. exd5 {[%clk 01:06:38] [%emt 00:06:27]} Qxd5 {[%clk 00:42:20] [%emt
00:22:43]} 19. Kb1 {[%clk 00:59:37] [%emt 00:07:31]} Ne5 {[%clk 00:41:20] [%emt
00:01:31]} 20. Be4 {[%clk 00:46:53] [%emt 00:13:13]} Qxd2 {[%clk 00:41:35] [%emt
00:00:15]} 21. Rxd2 {[%clk 00:44:58] [%emt 00:02:25]} Bxe4 {[%clk 00:37:22]
[%emt 00:04:43]} 22. fxe4 {[%clk 00:43:25] [%emt 00:02:02]} Ng4 {[%clk 00:32:36]
[%emt 00:05:16]} 23. Bb6 {[%clk 00:35:48] [%emt 00:08:08]} Ne5 {[%clk 00:32:36]
[%emt 00:00:30]} 24. Rdd1 {[%clk 00:29:58] [%emt 00:06:20]} Nc6 {[%clk 00:32:22]
[%emt 00:00:44]} 25. h4 {[%clk 00:29:19] [%emt 00:01:08]} h6 {[%clk 00:31:17]
[%emt 00:01:36]} 26. gxh6 {[%clk 00:24:48] [%emt 00:05:02]} Rxh6 {[%clk
00:31:42] [%emt 00:00:04]} 27. h5 {[%clk 00:25:15] [%emt 00:00:03]} Rb8 {[%clk
00:30:01] [%emt 00:02:11]} 28. Be3 {[%clk 00:23:31] [%emt 00:02:14]} Rh7 {[%clk
00:30:26] [%emt 00:00:05]} 29. Nc1 {[%clk 00:23:15] [%emt 00:00:46]} Rd8 {[%clk
00:30:10] [%emt 00:00:45]} 30. Nd3 {[%clk 00:22:30] [%emt 00:01:15]} f6 {[%clk
00:27:56] [%emt 00:02:45]} 31. Bb6 {[%clk 00:20:54] [%emt 00:02:05]} Rb8 {[%clk
00:26:03] [%emt 00:02:24]} 32. a5 {[%clk 00:20:09] [%emt 00:01:15]} Kf7 {[%clk
00:18:16] [%emt 00:08:17]} 33. Nf4 {[%clk 00:19:24] [%emt 00:01:15]} e5 {[%clk
00:09:45] [%emt 00:09:01]} 34. Nd5 {[%clk 00:17:29] [%emt 00:02:24]} Rb7 {[%clk
00:05:26] [%emt 00:04:50]} 35. Rh3 {[%clk 00:10:22] [%emt 00:07:36]} Rh8 {[%clk
00:05:20] [%emt 00:00:37]} 36. c3 {[%clk 00:08:59] [%emt 00:01:53]} bxc3 {[%clk
00:04:43] [%emt 00:01:06]} 37. Rxc3 {[%clk 00:08:25] [%emt 00:01:05]} Nd4 {[%clk
00:05:10] [%emt 00:00:03]} 38. Rdc1 {[%clk 00:06:14] [%emt 00:02:41]} Nb5 {[%clk
00:04:41] [%emt 00:00:59]} 39. Rh3 {[%clk 00:04:48] [%emt 00:01:55]} Bd6 {[%clk
00:01:28] [%emt 00:03:44]} 40. Rc6 {[%clk 00:01:51] [%emt 00:03:27]} Ke6 {[%clk
00:00:58] [%emt 00:01:00]} 41. Ne3 {[%clk 00:37:42] [%emt 00:14:39]} Kd7 {[%clk
00:32:40] [%emt 00:18:48]} 42. Rc1 {[%clk 00:37:47] [%emt 00:00:25]} Ke6 {[%clk
00:32:16] [%emt 00:00:53]} 43. Rhh1 {[%clk 00:31:54] [%emt 00:06:22]} Nd4 {[%clk
00:26:53] [%emt 00:05:55]} 44. Ka2 {[%clk 00:28:31] [%emt 00:03:52]} Bb4 {[%clk
00:22:44] [%emt 00:04:40]} 45. Rc4 {[%clk 00:24:16] [%emt 00:04:45]} Bd2 {[%clk
00:19:53] [%emt 00:03:21]} 46. Nd5 {[%clk 00:21:35] [%emt 00:03:10]} Nb5 {[%clk
00:19:06] [%emt 00:01:18]} 47. Rc2 {[%clk 00:17:01] [%emt 00:05:04]} Bg5 {[%clk
00:18:19] [%emt 00:01:16]} 48. Nb4 {[%clk 00:16:18] [%emt 00:01:14]} Ra8 {[%clk
00:18:41] [%emt 00:00:07]} 49. Rd1 {[%clk 00:14:48] [%emt 00:02:00]} Kf7 {[%clk
00:17:55] [%emt 00:01:17]} 50. Nc6 {[%clk 00:13:40] [%emt 00:01:37]} Kg8 {[%clk
00:17:39] [%emt 00:00:46]} 51. b4 {[%clk 00:11:38] [%emt 00:02:33]} Kh7 {[%clk
00:17:47] [%emt 00:00:22]} 52. Kb3 {[%clk 00:05:23] [%emt 00:06:45]} Kh6 {[%clk
00:17:37] [%emt 00:00:40]} 53. Rh2 {[%clk 00:03:14] [%emt 00:02:38]} Rc8 {[%clk
00:17:11] [%emt 00:00:56]} 54. Nd8 {[%clk 00:03:03] [%emt 00:00:42]} Re7 {[%clk
00:07:06] [%emt 00:10:34]} 55. Bc5 {[%clk 00:03:12] [%emt 00:00:21]} Rec7 {[%clk
00:07:32] [%emt 00:00:05]} 56. Ne6 {[%clk 00:02:30] [%emt 00:01:12]} Rb7 {[%clk
00:08:00] [%emt 00:00:02]} 57. Rh3 {[%clk 00:01:06] [%emt 00:01:53]} Bf4 {[%clk
00:07:23] [%emt 00:01:07]} 58. Kc4 {[%clk 00:01:03] [%emt 00:00:34]} Re8 {[%clk
00:06:49] [%emt 00:01:04]} 59. Nf8 {[%clk 00:01:06] [%emt 00:00:27]} Rc7 {[%clk
00:04:12] [%emt 00:03:06]} 60. Ng6 {[%clk 00:00:54] [%emt 00:00:42]} Bg5 {[%clk
00:04:02] [%emt 00:00:40]} 61. Rd5 {[%clk 00:15:10] [%emt 00:01:14]} Bf4 {[%clk
00:12:53] [%emt 00:06:39]} 62. Kd3 {[%clk 00:14:02] [%emt 00:01:38]} Kg5 {[%clk
00:12:26] [%emt 00:00:57]} 63. Rh1 {[%clk 00:11:51] [%emt 00:02:41]} Kh6 {[%clk
00:12:13] [%emt 00:00:44]} 64. Rh3 {[%clk 00:09:40] [%emt 00:02:40]} Bg5 {[%clk
00:11:38] [%emt 00:01:06]} 65. Rh2 {[%clk 00:08:15] [%emt 00:01:54]} Bf4 {[%clk
00:11:39] [%emt 00:00:29]} 66. Rh1 {[%clk 00:08:42] [%emt 00:00:04]} Bg5 {[%clk
00:12:00] [%emt 00:00:09]} 67. Rh3 {[%clk 00:09:08] [%emt 00:00:04]} Bf4 {[%clk
00:10:23] [%emt 00:02:07]} 68. Ke2 {[%clk 00:09:22] [%emt 00:00:15]} Rf7 {[%clk
00:07:08] [%emt 00:03:46]} 69. Kf3 {[%clk 00:07:10] [%emt 00:02:41]} f5 {[%clk
00:06:50] [%emt 00:00:48]} 70. exf5 {[%clk 00:07:06] [%emt 00:00:35]} Rxf5
{[%clk 00:07:18] [%emt 00:00:02]} 71. Ke4 {[%clk 00:07:12] [%emt 00:00:23]} Rf7
{[%clk 00:07:35] [%emt 00:00:14]} 72. Bb6 {[%clk 00:04:57] [%emt 00:02:45]} Kg5
{[%clk 00:06:52] [%emt 00:01:12]} 73. Rf3 {[%clk 00:04:27] [%emt 00:01:01]} Kh6
{[%clk 00:06:52] [%emt 00:00:30]} 74. Bc5 {[%clk 00:02:23] [%emt 00:02:33]} Kxh5
{[%clk 00:04:42] [%emt 00:02:41]} 75. Nxe5 {[%clk 00:01:44] [%emt 00:01:09]}
Bxe5 {[%clk 00:04:49] [%emt 00:00:23]} 76. Rxf7 {[%clk 00:00:37] [%emt
00:01:37]} Nc3+ {[%clk 00:05:15] [%emt 00:00:04]} 77. Kd3 {[%clk 00:00:51] [%emt
00:00:16]} Nxd5 {[%clk 00:05:43] [%emt 00:00:01]} 78. Ra7 {[%clk 00:01:14] [%emt
00:00:08]} Re6 {[%clk 00:05:16] [%emt 00:00:56]} 79. Kc4 {[%clk 00:01:36] [%emt
00:00:08]} Nc7 {[%clk 00:05:29] [%emt 00:00:17]} 80. Bb6 {[%clk 00:01:29] [%emt
00:00:38]} Rc6+ {[%clk 00:05:55] [%emt 00:00:04]} 81. Kd3 {[%clk 00:01:51] [%emt
00:00:08]} g5 {[%clk 00:05:29] [%emt 00:00:55]} 82. Ke4 {[%clk 00:02:15] [%emt
00:00:06]} Bd6 {[%clk 00:05:48] [%emt 00:00:12]} 83. Bxc7 {[%clk 00:02:20] [%emt
00:00:25]} Rxc7 {[%clk 00:05:49] [%emt 00:00:29]} 0-1

[Site "Europe Echecs"]

[Event "Grand Swiss "]
[Date "2025.09.09"]
[White "Narayanan S L"]
[Black "Grandelius, Nils"]
[WhiteElo "2591"]
[BlackElo "2648"]
[Round "6.6.35"]
[Result "1/2-1/2"]

1. d4 {[%clk 01:40:56] [%emt 00:00:02]} Nf6 {[%clk 01:40:49] [%emt 00:00:11]} 2.
c4 {[%clk 01:41:14] [%emt 00:00:12]} e6 {[%clk 01:41:14] [%emt 00:00:05]} 3. Nf3
{[%clk 01:41:41] [%emt 00:00:04]} b6 {[%clk 01:41:28] [%emt 00:00:16]} 4. Bf4
{[%clk 01:41:56] [%emt 00:00:15]} Bb4+ {[%clk 01:36:18] [%emt 00:05:40]} 5. Nbd2
{[%clk 01:42:05] [%emt 00:00:20]} Bb7 {[%clk 01:35:03] [%emt 00:01:45]} 6. e3
{[%clk 01:39:22] [%emt 00:03:14]} Be7 {[%clk 01:26:13] [%emt 00:09:20]} 7. Bd3
{[%clk 01:36:35] [%emt 00:03:17]} c5 {[%clk 01:20:52] [%emt 00:05:51]} 8. e4
{[%clk 01:21:42] [%emt 00:15:22]} cxd4 {[%clk 01:17:32] [%emt 00:03:51]} 9. Nxd4
{[%clk 01:22:01] [%emt 00:00:11]} d6 {[%clk 01:14:32] [%emt 00:03:29]} 10. Nb5
{[%clk 01:21:25] [%emt 00:01:05]} a6 {[%clk 01:09:08] [%emt 00:05:56]} 11. Nc3
{[%clk 01:21:44] [%emt 00:00:10]} Nbd7 {[%clk 01:09:35] [%emt 00:00:04]} 12. O-O
{[%clk 01:20:55] [%emt 00:01:18]} O-O {[%clk 01:09:10] [%emt 00:00:55]} 13. Re1
{[%clk 01:17:15] [%emt 00:04:11]} Ne5 {[%clk 01:04:23] [%emt 00:05:17]} 14. Bf1
{[%clk 01:16:17] [%emt 00:01:27]} Ng6 {[%clk 01:03:37] [%emt 00:01:16]} 15. Be3
{[%clk 01:14:05] [%emt 00:02:43]} d5 {[%clk 00:37:49] [%emt 00:26:19]} 16. exd5
{[%clk 01:11:26] [%emt 00:03:08]} exd5 {[%clk 00:38:15] [%emt 00:00:04]} 17.
cxd5 {[%clk 01:04:40] [%emt 00:07:16]} b5 {[%clk 00:36:01] [%emt 00:02:44]} 18.
Nde4 {[%clk 00:43:34] [%emt 00:21:34]} Nxe4 {[%clk 00:36:00] [%emt 00:00:32]}
19. Nxe4 {[%clk 00:42:11] [%emt 00:01:54]} Bxd5 {[%clk 00:35:19] [%emt
00:01:11]} 20. Nc3 {[%clk 00:42:24] [%emt 00:00:17]} Bb7 {[%clk 00:25:24] [%emt
00:10:23]} 21. Qb3 {[%clk 00:38:04] [%emt 00:04:53]} Bd6 {[%clk 00:23:47] [%emt
00:02:06]} 22. Red1 {[%clk 00:30:08] [%emt 00:08:26]} Qc7 {[%clk 00:20:38] [%emt
00:03:38]} 23. h3 {[%clk 00:30:08] [%emt 00:00:30]} Nf4 {[%clk 00:18:47] [%emt
00:02:21]} 24. Bxf4 {[%clk 00:23:42] [%emt 00:06:57]} Bxf4 {[%clk 00:19:11]
[%emt 00:00:06]} 25. Nd5 {[%clk 00:24:01] [%emt 00:00:11]} Bxd5 {[%clk 00:18:55]
[%emt 00:00:45]} 26. Rxd5 {[%clk 00:24:26] [%emt 00:00:05]} Rad8 {[%clk
00:18:42] [%emt 00:00:42]} 27. Rad1 {[%clk 00:22:58] [%emt 00:01:59]} Bh2+
{[%clk 00:16:04] [%emt 00:03:08]} 28. Kh1 {[%clk 00:23:23] [%emt 00:00:05]} Be5
{[%clk 00:15:30] [%emt 00:01:04]} 29. Kg1 {[%clk 00:20:45] [%emt 00:03:08]} Bh2+
{[%clk 00:13:16] [%emt 00:02:44]} 30. Kh1 {[%clk 00:21:08] [%emt 00:00:08]} Be5
{[%clk 00:13:43] [%emt 00:00:03]} 1/2-1/2

[Site "Europe Echecs"]